Computerized literature searching : (Record no. 178929)
[ view plain ]
| 000 -LEADER | |
|---|---|
| fixed length control field | 00901 a2200205 4500 |
| 003 - CONTROL NUMBER IDENTIFIER | |
| control field | Nust |
| 005 - DATE AND TIME OF LATEST TRANSACTION | |
| control field | 20230913095240.0 |
| 010 ## - LIBRARY OF CONGRESS CONTROL NUMBER | |
| LC control number | 8323319 |
| 020 ## - INTERNATIONAL STANDARD BOOK NUMBER | |
| International Standard Book Number | 0865315268 |
| 040 ## - CATALOGING SOURCE | |
| Transcribing agency | Nust |
| 082 ## - DEWEY DECIMAL CLASSIFICATION NUMBER | |
| Classification number | 025.524,GIL |
| 245 ## - TITLE STATEMENT | |
| Title | Computerized literature searching : |
| Remainder of title | Research strategies and databases / |
| Statement of responsibility, etc. | Charles L. Gilrath |
| 260 ## - PUBLICATION, DISTRIBUTION, ETC. | |
| Place of publication, distribution, etc. | london |
| Name of publisher, distributor, etc. | westview press |
| Date of publication, distribution, etc. | 1984 |
| 300 ## - PHYSICAL DESCRIPTION | |
| Extent | 177p |
| 505 ## - FORMATTED CONTENTS NOTE | |
| Formatted contents note | The Basics of Computer Literature Search Systems (Page-1), The Researcher-Search Analyst Partnership (Page-17), Agricultural and Life Sciences (Page-23), Social Sciences and Education (Page-52), Physical Sciences and Engineering (Page-81), Business Literature (Page-119), Humanities, the Arts, and Architecture (Page-140), Legal Research (Page-153), |
| 538 ## - SYSTEM DETAILS NOTE | |
| System details note | Almirah No.10 Shelf No.2 |
| 600 ## - SUBJECT ADDED ENTRY--PERSONAL NAME | |
| Personal name | Charales l gilreath |
| 9 (RLIN) | 93942 |
| 650 ## - SUBJECT ADDED ENTRY--TOPICAL TERM | |
| Topical term or geographic name entry element | Computerized literature |
| 9 (RLIN) | 93943 |
| 942 ## - ADDED ENTRY ELEMENTS (KOHA) | |
| Source of classification or shelving scheme | |
| Koha item type | Book |
| Withdrawn status | Lost status | Source of classification or shelving scheme | Damaged status | Not for loan | Permanent Location | Current Location | Shelving location | Date acquired | Full call number | Barcode | Date last seen | Price effective from | Koha item type | Public note |
|---|---|---|---|---|---|---|---|---|---|---|---|---|---|---|
| Military College of Signals (MCS) | Military College of Signals (MCS) | General Stacks | 12/12/2016 | 025.524,GIL | MCS1876 | 12/08/2016 | 12/12/2016 | Book | Almirah No.79, Shelf No.1 | |||||
| Military College of Signals (MCS) | Military College of Signals (MCS) | General Stacks | 12/12/2016 | 025.524,GIL | MCS36308 | 12/08/2016 | 12/12/2016 | Book | Almirah No.46, Shelf No.1 |
